000 02994cam a22004814i 4500
003 PE-LiUPU
005 20250731173417.0
008 150706s2010 mou r 000 0 spa d
020 _a9780758625939
035 _a(Sirsi) i9780758625939
040 _aPE-LiUPU
_bspa
_cPE-LiUPU
_erda
049 _aPRUA
082 0 4 _a220
_bCC
_221
100 1 _aBlank, Rodolfo,
_eautor.
245 1 0 _aPrimera carta a los Corintios :
_bconsejos para una congregación en crisis /
_cRodolfo Blank.
264 1 _aSt. Louis, Missouri, USA :
_bConcordia,
_c2010.
300 _a695 páginas ;
_c24 centímetros.
336 _atext
_2rdacontent
337 _aunmediated
_2rdamedia
338 _avolume
_2rdacarrier
490 0 _aComentario Concordia
504 _aIncluye bibliografía.
505 0 _a1 Corintios 1:1-17 -- Sóstenes -- La ciudad de Corintio -- La destrucción y construcción de Corintio -- La vida social en la Corintio romana -- Corintio: ciudad religiosa -- Nota: el procónsul Galión -- 1 Corintios 1:18-2:16 -- Nota sobre grupos sociales en el imperio romano -- 1 Corintios 3:1-4:13 -- Nota confesional -- Nota confesional: las recompensas -- 1 Corintios 4:14-5:13 -- Pablo y la educación -- 1 Corintios 6:1-20 -- Nota confesional -- La santidad del templo del Espíritu Santo -- 1 Corintios 7:1-28 -- Nota confesional -- Una nota sobre la circuncisión y los movimientos mesiánicos modernos -- 1 Corintios 7:29-8:13 -- Nota histórica - los dioses de Corinto -- 1 Corintios 8-10 y Romanos 14-15 -- Lo que no enseñó Pablo en este capítulo -- 1 Corintios 9:1-27 -- Nota: actitudes en cuanto al trabajo manual -- Nota confesional -- 1 Corintios 10:1 - 11:1 -- Nota confesional -- Carne sacrificada a los ídolos y el Decreto del concilio de Jerusalén -- 1 Corintios 11:2-34 -- El significado del término cabeza -- Nota confesional -- Nota histórica -- Símbolos naturales -- El comer y beber indignamente -- 1 Corintios 12:1-26 -- 1 Corintios 12:27 - 13:13 -- Nota confesional -- 1 Corintios 14:1-40 -- Nota confesional -- 1 Corintios15:1-34 -- 1 Corintios 15:35 -16:24 -- Las fechas más importantes del nuevo testamento.
526 _aSEG42
526 _aSEG41
526 _aSEG40
526 _aSEG39
526 _aP94
526 _aP87
526 _aP86
526 _aP85
526 _aP77
526 _aP76
526 _aP35
541 _g001-0000567;
630 _aBiblia.
_pN.T.
_pCorintios I
_xComentarios.
910 _agl
_bjv
_clch
_d20120529
942 _2ddc
_cBOOK
949 _a220 CC 46
_wDEWEY
_c1
_i64712
_lCCODEBUL1
_mBUL
_p36.00
_r0
_sY
_tBOOK
_u2015-7-6
_xTEOLOGIA
_PP35
_o.STAFF. Colección General
994 _aC0
_bPEPRU
596 _a1
999 _a220 CC 46
_wDEWEY
_c53414
_i64712
_d53414
_e2016-10-28
_f2021-11-9
_g5
_lCCODEBUL1
_mBUL
_n8
_p36.00
_q1
_r0
_sY
_tBOOK
_u2015-7-6
_xTEOLOGIA
_PP35
_0COMPRA
_o.STAFF. Colección Teología
980 _81
_gALBERTO SANCHEZ Responsable de Automatización